000 01247nam a2200265Ia 4500
003 Ost
005 20260507075325.0
008 260507s9999||||xx |||||||||||||| ||und||
020 _a29491199579
040 _cfsecg
041 _aara
082 _a658.15
100 _aبن ساسي، إلياس
_eمؤلف
245 0 _aالتسيير المالي :
_bالادارة المالية الجزء الأول /
_c إلياس بن ساسي
250 _aطبعة 2
260 _aعمان:
_bدار وائل للنشر والتوزيع,
_c2011
300 _a520 صفحة؛
_bإيضاحات ؛
_c25 سم
504 _aببليوغرافيا: ص.515
520 _aمدخل تعريفي بالمؤسسة ووظيفتها المالية، مدخل للتسيير المالي، التحليل المالي الساكن والمتحرك، السياسة المالية وآليات إتخاذ القرارات التمويلية والإستثمارية، نظريات الهيكل المالي، سوق الأوراق المالية وتسيير المخاطر.
653 _aالادارة
653 _aالادارة المالية
653 _aالمالية
700 _a قريشي، يوسف
_eمؤلف ثانوي
942 _cكتاب
999 _c43963
_d43963